S. João de Deus (Registo nº 191220)

Detalhes MARC
000 -Etiqueta do registo
Valores 00302nam 22001213 4500
100 ## - Dados gerais de processamento
Dados gerais 20240809d u||y0pory50 ba
101 ## - Língua de publicação
Língua Português
102 ## - País de publicação
País Portugal
200 ## - Titulo e menção de responsabilidade
Título próprio S. João de Deus
Informação de outro título (resumo Histórico)
Primeira menção de responsabilidade Fr. Bernardino de S. José , O.H.
801 ## - Fonte de origem
País PT
Agência BMMN
Regras de catalogação RPC
990 ## - Elementos KOHA
Tipo de documento Livro

Não há exemplares disponíveis.

Powered by Koha